[Event "Chess.com Classic Play In"]
[Site "Chess.com INT"]
[Date "2024.05.08"]
[Round "5"]
[White "Predke, Alexandr"]
[Black "Sadhwani, Raunak"]
[Result "1/2-1/2"]
[WhiteElo "2667"]
[BlackElo "2654"]
[PlyCount "78"]
[EventDate "2024.05.08"]
[EventType "swiss (rapid)"]
[EventRounds "9"]
[EventCountry "USA"]
[SourceTitle "CB20_2024"]
[SourceDate "2024.05.16"]
[SourceVersion "1"]
[SourceVersionDate "2024.05.16"]
[SourceQuality "1"]

1. e4 e6 2. d4 d5 3. exd5 exd5 4. Bd3 Bd6 5. Nc3 c6 6. Qf3 Qf6 7. Nce2 Qxf3 8. Nxf3 Ne7 9. Bf4 Bxf4 10. Nxf4 Bf5 11. 0-0-0 Bxd3 12. Rxd3 Nd7 13. Re1 Kf8 14. Rb3 Rb8 15. h4 Nf5 16. g4 Nd6 17. Rbe3 Re8 18. Rxe8+ Nxe8 19. Ne5 Nxe5 20. Rxe5 f6 21. Ne6+ Kf7 22. Nd8+ Kf8 23. Re6 h5 24. gxh5 Rxh5 25. Nxb7 Rxh4 26. Rxc6 Rf4 27. Rc8 Ke7 28. Ra8 Rxf2 29. Rxa7 g5 30. Nc5+ Kf8 31. Ne6+ Kg8 32. Re7 Nd6 33. Rg7+ Kh8 34. Rg6 Nc4 35. Kd1 Nxb2+ 36. Ke1 Rxc2 37. Rxf6 Nd3+ 38. Kf1 Rxa2 39. Nxg5 Kg7 1/2-1/2

[Event "Chess.com Classic Play In"]
[Site "Chess.com INT"]
[Date "2024.05.08"]
[Round "6"]
[White "Sadhwani, Raunak"]
[Black "Meskovs, Nikita"]
[Result "1-0"]
[WhiteElo "2654"]
[BlackElo "2541"]
[PlyCount "163"]
[EventDate "2024.05.08"]
[EventType "swiss (rapid)"]
[EventRounds "9"]
[EventCountry "USA"]
[SourceTitle "CB20_2024"]
[SourceDate "2024.05.16"]
[SourceVersion "1"]
[SourceVersionDate "2024.05.16"]
[SourceQuality "1"]

1. e4 c6 2. d4 d5 3. e5 Bf5 4. Nf3 e6 5. Be2 Nd7 6. 0-0 a5 7. a4 f6 8. Bd3 Bxd3 9. cxd3 Bb4 10. Nc3 fxe5 11. dxe5 Qe7 12. Ne2 Nh6 13. Ng3 Nf7 14. d4 0-0 15. Be3 c5 16. Qe2 Rac8 17. Rac1 Rc6 18. Nh5 Rfc8 19. Rcd1 b6 20. Nf4 Nh6 21. Nd3 Nf5 22. g4 Nh4 23. Nxh4 Qxh4 24. Qf3 cxd4 25. Bxd4 Rc4 26. Nf4 Rf8 27. Qg3 Qe7 28. b3 Rc6 29. Nh5 Nc5 30. Qe3 Ne4 31. f3 Nc3 32. Rc1 Rfc8 33. Kh1 Qh4 34. Qd3 Qe7 35. Rc2 Qf7 36. Rfc1 Qg6 37. Qxg6 hxg6 38. Nf4 Kf7 39. h4 Ba3 40. Ra1 Bb4 41. Kg2 b5 42. Nd3 bxa4 43. bxa4 Rc4 44. Bf2 d4 45. Nxb4 axb4 46. a5 b3 47. Rb2 d3 48. a6 Nd5 49. a7 Rc2 50. Rxb3 d2 51. Rd1 Ra2 52. Kg3 Ke7 53. Rb8 Rc7 54. a8Q Rxa8 55. Rxa8 Rc2 56. Ra7+ Kd8 57. Bd4 Ke8 58. Ra3 g5 59. hxg5 Nb4 60. Rb3 Nc6 61. Bc3 Rc1 62. Rxd2 Kf7 63. Bb2 Rg1+ 64. Kf2 Rh1 65. Kg2 Re1 66. Rb6 Ne7 67. Rb7 Kg6 68. Rxe7 Kxg5 69. Rxg7+ Kf4 70. Rgd7 Re3 71. R7d4+ Kg5 72. Rf2 Rb3 73. Bc1+ Kh4 74. g5+ Kh5 75. Rg4 Kg6 76. Kg3 Rb1 77. Rf1 Ra1 78. Rh1 Ra2 79. Rh6+ Kf5 80. Rf6+ Kxe5 81. Re4+ Kd5 82. g6 1-0

[Event "Chessable Masters Play In"]
[Site "Chess.com INT"]
[Date "2024.01.31"]
[Round "3"]
[White "Alonso Rosell, Alvar"]
[Black "Sadhwani, Raunak"]
[Result "1-0"]
[WhiteElo "2562"]
[BlackElo "2654"]
[PlyCount "50"]
[EventDate "2024.01.31"]
[EventType "swiss (rapid)"]
[EventRounds "9"]
[EventCountry "USA"]
[SourceTitle "CB06_2024"]
[SourceDate "2024.02.07"]
[SourceVersion "1"]
[SourceVersionDate "2024.02.07"]
[SourceQuality "1"]

1. d4 Nf6 2. c4 e6 3. Nf3 b6 4. g3 Bb7 5. Bg2 Be7 6. 0-0 0-0 7. Re1 a5 8. Nc3 Bb4 9. Bg5 Bxc3 10. bxc3 h6 11. Bh4 Be4 12. Qd2 d6 13. Bxf6 Qxf6 14. Nh4 Bxg2 15. Kxg2 Nd7 16. e4 a4 17. f4 a3 18. Rad1 Ra4 19. e5 Qe7 20. f5 Qg5 21. Qe2 dxe5 22. dxe5 Nc5 23. Rf1 exf5 24. Nxf5 Re8 25. h4 Qg6 1-0

[Event "Chessable Masters Play In"]
[Site "Chess.com INT"]
[Date "2024.01.31"]
[Round "6"]
[White "Georgiadis, Nico"]
[Black "Sadhwani, Raunak"]
[Result "1-0"]
[WhiteElo "2547"]
[BlackElo "2654"]
[PlyCount "81"]
[EventDate "2024.01.31"]
[EventType "swiss (rapid)"]
[EventRounds "9"]
[EventCountry "USA"]
[SourceTitle "CB06_2024"]
[SourceDate "2024.02.07"]
[SourceVersion "1"]
[SourceVersionDate "2024.02.07"]
[SourceQuality "1"]

1. Nf3 Nf6 2. b3 g6 3. Bb2 Bg7 4. g3 0-0 5. Bg2 d6 6. 0-0 e5 7. d3 Nc6 8. c4 Bd7 9. Nbd2 Qc8 10. e3 Bh3 11. d4 e4 12. Ne1 d5 13. cxd5 Nb4 14. Ba3 a5 15. Bxb4 axb4 16. Nc2 Nxd5 17. Nxe4 Bf5 18. Qd2 Bxe4 19. Bxe4 Nc3 20. Bg2 c5 21. a4 Rd8 22. Rac1 Ra7 23. Rfe1 b6 24. Qd3 Qe6 25. d5 f5 26. Qxc3 Bxc3 27. dxe6 Bxe1 28. Nxe1 Kg7 29. Bf1 Kf6 30. Bc4 Rd2 31. Nf3 Rd6 32. h4 Ra8 33. Kg2 Rad8 34. Re1 Rd1 35. Re2 Ke7 36. e4 fxe4 37. Rxe4 Rf8 38. Re2 Rd6 39. Ng5 h6 40. Nf7 Rd1 41. Nxh6 1-0

[Event "Titled Tuesday intern op 09th Jan Early"]
[Site "Chess.com INT"]
[Date "2024.01.09"]
[Round "1"]
[White "Tikhonov, Viacheslav"]
[Black "Sadhwani, Raunak"]
[Result "1/2-1/2"]
[WhiteElo "2160"]
[BlackElo "2654"]
[PlyCount "82"]
[EventDate "2024.01.09"]
[EventType "swiss (blitz)"]
[EventRounds "11"]
[EventCountry "USA"]
[SourceTitle "CB03_2024"]
[SourceDate "2024.01.17"]
[SourceVersion "1"]
[SourceVersionDate "2024.01.17"]
[SourceQuality "1"]

1. e4 c6 2. d4 d5 3. Nc3 dxe4 4. Nxe4 Bf5 5. Ng3 Bg6 6. h4 h6 7. N1e2 Nf6 8. Nf4 Bh7 9. Bc4 e6 10. Nfh5 Nbd7 11. c3 Nxh5 12. Nxh5 Nf6 13. Bf4 Nxh5 14. Qxh5 Bg6 15. Qg4 Bf5 16. Qg3 Qb6 17. Bb3 0-0-0 18. 0-0 Rh7 19. h5 Be7 20. Qf3 g5 21. Be5 g4 22. Qe2 Bd6 23. Rfe1 Bxe5 24. Qxe5 Qc7 25. Qf6 g3 26. f3 Rg8 27. Re5 Kb8 28. Rae1 a6 29. Bc4 Rg5 30. Bb3 Rxh5 31. Bc2 Qb6 32. Bxf5 Rxf5 33. Rxf5 exf5 34. Qxf5 Qxb2 35. Re8+ Kc7 36. Qe5+ Kb6 37. Qc5+ Kc7 38. Re7+ Kb8 39. Re8+ Kc7 40. Qe7+ Kb6 41. Qc5+ Kc7 1/2-1/2

[Event "Wch Blitz"]
[Site "Samarkand"]
[Date "2023.12.30"]
[Round "20"]
[White "Sadhwani, Raunak"]
[Black "Mitrabha, Guha"]
[Result "1-0"]
[WhiteElo "2654"]
[BlackElo "2508"]
[PlyCount "87"]
[EventDate "2023.12.29"]
[EventType "swiss (blitz)"]
[EventRounds "21"]
[EventCountry "UZB"]
[SourceTitle "CB01_2024"]
[SourceDate "2024.01.03"]
[SourceVersion "1"]
[SourceVersionDate "2024.01.03"]
[SourceQuality "1"]

1. e3 Nf6 2. c4 c5 3. Nc3 g6 4. g3 Bg7 5. Bg2 0-0 6. Nge2 d6 7. d4 Nc6 8. 0-0 Rb8 9. b3 Bd7 10. h3 Qc8 11. Kh2 h5 12. Bb2 h4 13. g4 a6 14. d5 Ne5 15. g5 Nfg4+ 16. hxg4 Nxg4+ 17. Kg1 b5 18. cxb5 axb5 19. Nf4 Ne5 20. Qc2 Bf5 21. e4 Bg4 22. f3 Bd7 23. Kh2 f6 24. gxf6 Rxf6 25. Ne6 Bxe6 26. dxe6 Qxe6 27. Nd5 Rff8 28. Bh3 Qf7 29. f4 Nc6 30. Bxg7 Qxg7 31. Qg2 Nd4 32. Qg5 e6 33. Ne3 Rb7 34. Ng4 Nf3+ 35. Rxf3 Qxa1 36. Qxg6+ Rg7 37. Qxe6+ Kh8 38. Qxd6 Ra8 39. Rf2 Rxa2 40. Qd8+ Kh7 41. Qxh4+ Kg8 42. Nh6+ Kh7 43. Nf5+ Kg8 44. Nxg7 1-0

[Event "Wch Rapid"]
[Site "Samarkand"]
[Date "2023.12.28"]
[Round "10"]
[White "Sadhwani, Raunak"]
[Black "Zvjaginsev, Vadim"]
[Result "1-0"]
[WhiteElo "2654"]
[BlackElo "2567"]
[PlyCount "109"]
[EventDate "2023.12.26"]
[EventType "swiss (rapid)"]
[EventRounds "13"]
[EventCountry "UZB"]
[SourceTitle "CB01_2024"]
[SourceDate "2024.01.03"]
[SourceVersion "1"]
[SourceVersionDate "2024.01.03"]
[SourceQuality "1"]

1. d4 d5 2. c4 c6 3. Nf3 Nf6 4. e3 e6 5. Nc3 Nbd7 6. Qc2 b6 7. Be2 Bb7 8. 0-0 Bd6 9. Rd1 0-0 10. b3 Re8 11. Bb2 Qe7 12. a4 a5 13. g3 Rac8 14. cxd5 cxd5 15. Rac1 Ne4 16. Qb1 Bb4 17. Nxe4 dxe4 18. Nd2 Nf6 19. Nc4 Nd5 20. Bf1 f5 21. Ne5 g5 22. Rxc8 Rxc8 23. Rc1 Rf8 24. Qc2 Bd6 25. Nc4 Bb4 26. Bg2 g4 27. Bf1 Rc8 28. Qd1 h5 29. Ne5 Rxc1 30. Qxc1 Bd6 31. Bc4 Kh7 32. h3 Qc7 33. Kg2 Bxe5 34. dxe5 Kg6 35. Qd2 Kf7 36. Qd1 Kg6 37. Bd4 Qc6 38. hxg4 fxg4 39. Qb1 Nb4 40. Qh1 Qd7 41. Qh4 Qf7 42. Bxb6 Bd5 43. Bxa5 Nd3 44. Qf6+ Qxf6 45. exf6 Bxc4 46. bxc4 Nc5 47. Bc3 Nxa4 48. Bd4 Kf7 49. Kf1 e5 50. Bxe5 Nc5 51. Ke2 Ke6 52. Bd4 Nb3 53. c5 Na5 54. Kd2 Nc6 55. Kc3 1-0

[Event "Wch Rapid"]
[Site "Samarkand"]
[Date "2023.12.28"]
[Round "11"]
[White "Suleymenov, Alisher"]
[Black "Sadhwani, Raunak"]
[Result "1-0"]
[WhiteElo "2513"]
[BlackElo "2654"]
[PlyCount "63"]
[EventDate "2023.12.26"]
[EventType "swiss (rapid)"]
[EventRounds "13"]
[EventCountry "UZB"]
[SourceTitle "CB01_2024"]
[SourceDate "2024.01.03"]
[SourceVersion "1"]
[SourceVersionDate "2024.01.03"]
[SourceQuality "1"]

1. d4 Nf6 2. c4 e6 3. Nf3 b6 4. a3 Bb7 5. Nc3 d5 6. cxd5 Nxd5 7. Qc2 Nxc3 8. bxc3 Be7 9. e4 0-0 10. Bd3 c5 11. 0-0 cxd4 12. cxd4 Nd7 13. Bb2 Rc8 14. Qe2 Rc7 15. Rad1 Qa8 16. Bb1 Re8 17. Rfe1 Nf6 18. Qd3 Qc8 19. Qe3 b5 20. Qf4 Rd8 21. d5 exd5 22. Bxf6 Bxf6 23. e5 Be7 24. Bf5 Qb8 25. e6 f6 26. Qg4 Bc5 27. Nd4 Re7 28. Rd3 Bxd4 29. Qxd4 g6 30. Qxf6 Qd6 31. Bxg6 hxg6 32. Rg3 1-0

[Event "Moscow Chess Stars 3.0 Blitz"]
[Site "Moscow"]
[Date "2023.12.19"]
[Round "18"]
[White "Grischuk, Alexander"]
[Black "Sadhwani, Raunak"]
[Result "1/2-1/2"]
[WhiteElo "2732"]
[BlackElo "2654"]
[PlyCount "83"]
[EventDate "2023.12.18"]
[EventType "tourn (blitz)"]
[EventRounds "18"]
[EventCountry "RUS"]
[EventCategory "17"]
[SourceTitle "CB52_2023"]
[SourceDate "2023.12.27"]
[SourceVersion "1"]
[SourceVersionDate "2023.12.27"]
[SourceQuality "1"]

1. d4 Nf6 2. c4 e6 3. Nc3 Bb4 4. e3 0-0 5. a3 Bxc3+ 6. bxc3 c5 7. Bd3 Nc6 8. Rb1 b6 9. e4 d6 10. Ne2 Ba6 11. 0-0 Rc8 12. Bg5 h6 13. Bh4 g5 14. Bg3 Nh5 15. f4 cxd4 16. cxd4 Na5 17. Be1 Bxc4 18. Bxc4 Nxc4 19. Rb3 f5 20. exf5 exf5 21. Rh3 Qe8 22. fxg5 hxg5 23. Bd2 Qg6 24. Bc1 f4 25. Nc3 Ng7 26. Nd5 Qf7 27. Nxf4 gxf4 28. Rxf4 Nb2 29. Rxf7 Nxd1 30. Rxf8+ Rxf8 31. Rg3 Rf7 32. Bh6 Nb2 33. Rc3 Nf5 34. Bg5 Nxd4 35. Rc8+ Kh7 36. h4 Nd3 37. Rd8 Ne5 38. Rxd6 Ne2+ 39. Kh2 Ng4+ 40. Kh3 Nf2+ 41. Kh2 Ng4+ 42. Kh3 1/2-1/2

[Event "Moscow Chess Stars 3.0 Rapid"]
[Site "Moscow"]
[Date "2023.12.14"]
[Round "2"]
[White "Sadhwani, Raunak"]
[Black "Karjakin, Sergey"]
[Result "1/2-1/2"]
[WhiteElo "2654"]
[BlackElo "2750"]
[PlyCount "103"]
[EventDate "2023.12.14"]
[EventType "tourn (rapid)"]
[EventRounds "9"]
[EventCountry "RUS"]
[EventCategory "17"]
[SourceTitle "CB51_2023"]
[SourceDate "2023.12.20"]
[SourceVersion "1"]
[SourceVersionDate "2023.12.20"]
[SourceQuality "1"]

1. e4 e5 2. Nf3 Nc6 3. Bb5 Nf6 4. d3 Bc5 5. Bxc6 dxc6 6. Nc3 0-0 7. h3 Nd7 8. 0-0 Bd6 9. Ne2 c5 10. a4 Nb8 11. Nd2 Nc6 12. Nc4 Be6 13. b3 f6 14. Ng3 Re8 15. Kh1 Qd7 16. Kh2 Rad8 17. Bb2 Bf8 18. Ne2 a6 19. a5 Nd4 20. Nxd4 cxd4 21. Ba3 Bxa3 22. Rxa3 Qe7 23. Ra1 Qb4 24. Kh1 Ra8 25. f4 exf4 26. Rxf4 Bxc4 27. bxc4 Re5 28. Rb1 Qxa5 29. Rxb7 f5 30. Qf3 fxe4 31. Rxe4 Rae8 32. Rxe5 Qxe5 33. Qd5+ Qxd5 34. cxd5 Rd8 35. Rxc7 Rxd5 36. Kg1 a5 37. Kf2 a4 38. Ra7 Rc5 39. Rxa4 Rxc2+ 40. Kf3 Kf7 41. Rxd4 Rd2 42. g3 Ke6 43. Re4+ Kf6 44. Re3 h5 45. Ke4 g5 46. Kd5 Kf5 47. Rf3+ Kg6 48. Re3 Kf5 49. h4 gxh4 50. gxh4 Rh2 51. Re4 Rh3 52. Kd4 1/2-1/2